| 000 | 01054nam a22003257a 4500 | ||
|---|---|---|---|
| 003 | CHAP | ||
| 005 | 20220329143644.0 | ||
| 008 | 191110s2010 mx r 00010 spa d | ||
| 010 | _a99891 | ||
| 011 | _a100863 | ||
| 020 | _a9786071201447 | ||
| 035 | _a111549 | ||
| 040 | _cCHAP | ||
| 090 | _aFolleto 17855 | ||
| 100 | 0 | 0 |
_aPérez Grajales, Mario. _989711 |
| 245 | 1 | 0 |
_aMejora genética del ajo : _b(situación actual) _c/por Mario Pérez Grajales y Sigfrido David Morales Fernández |
| 260 |
_aChapingo, Méx. : _bUACH, _c2010 |
||
| 300 |
_a43 p. : _bilus. |
||
| 590 |
_aBATCH-UPD _b10 _c20130110 _lUCH01 _h1302 |
||
| 590 |
_aBATCH-UPD _b10 _c20130410 _lUCH01 _h0819 |
||
| 590 |
_aBATCH-UPD _b10 _c20130913 _lUCH01 _h2338 |
||
| 590 |
_aCONVERSION _b10 _c20130109 _lUCH01 _h1355 |
||
| 650 | 0 | 4 |
_aAjo _xGenética. _93191 |
| 650 | 0 | 4 |
_aAjo _xMejoramiento. _93199 |
| 700 | 0 |
_aMorales Fernández, Sigfrido David. _978263 |
|
| 901 | _aBK | ||
| 911 | _aen proceso | ||
| 942 | _cFOLL | ||
| 949 |
_aFolleto 17855 _bBC _cFOLL _d33724002225603 _eTS1 _gI. c/e _i111549 _sb |
||
| 999 |
_c99891 _d99891 |
||